| 000 | 00743nam a2200205Ia 4500 | ||
|---|---|---|---|
| 003 | GCL | ||
| 008 | 140319s9999 xx 000 0 ara d | ||
| 040 |
_aGCL / _cGCL |
||
| 082 | 0 | 4 |
_a214.34 _bع م |
| 100 | 1 | _aعبدالله الاشعل | |
| 245 | 1 | 0 |
_aالمصطلح القانونى فى القران الكريم / _cعبدالله الاشعل |
| 250 | _aالاولى | ||
| 260 |
_aالقاهرة : _bمؤسسة الطوبجى للتجارة والطباعة والنشر ، _c2002 |
||
| 300 |
_a139 ص ؛ _c24 سم |
||
| 650 | 0 | 4 | _aالقانون الجنائى |
| 650 | 0 | 4 | _aالثقافة الاسلامية |
| 650 | 0 | 4 | _aالقانون المدنى |
| 650 | 0 | 4 | _aالاسلام والقانون الدولى |
| 942 |
_2ddc _cBK |
||
| 999 |
_c58154 _d58154 |
||